Collecting the West : (Record no. 357)

MARC details
000 -LEADER
fixed length control field 01529cam a2200385 a 4500
005 - DATE AND TIME OF LATEST TRANSACTION
control field 20260322212016.0
008 - FIXED-LENGTH DATA ELEMENTS--GENERAL INFORMATION
fixed length control field data
010 ## - LIBRARY OF CONGRESS CONTROL NUMBER
LC control number 87025526
020 ## - INTERNATIONAL STANDARD BOOK NUMBER
International Standard Book Number 0292711123
020 ## - INTERNATIONAL STANDARD BOOK NUMBER
International Standard Book Number 9780292711129
040 ## - CATALOGING SOURCE
Original cataloging agency DLC
Transcribing agency DLC
Modifying agency DLC
043 ## - GEOGRAPHIC AREA CODE
Geographic area code n-usp--
-- n-usp--
050 00 - LIBRARY OF CONGRESS CALL NUMBER
Classification number N8214.5.U6
Item number S28 1988
082 00 - DEWEY DECIMAL CLASSIFICATION NUMBER
Classification number 758/.9978
Edition information 19
092 ## - LOCALLY ASSIGNED DEWEY CALL NUMBER (OCLC)
Classification number 758.99 S28 1988
001 - CONTROL NUMBER
control field data
100 1# - MAIN ENTRY--PERSONAL NAME
Personal name Saunders, Richard H.,
Dates associated with a name 1949-
245 10 - TITLE STATEMENT
Title Collecting the West :
Remainder of title the C.R. Smith Collection of western American art /
Statement of responsibility, etc. Richard H. Saunders & Archer M. Huntington Art Gallery.
250 ## - EDITION STATEMENT
Edition statement 1st ed.
260 ## - PUBLICATION, DISTRIBUTION, ETC.
Place of publication, distribution, etc. Austin :
Name of publisher, distributor, etc. Published for the Archer M. Huntington Art Gallery, College of Fine Arts, the University of Texas at Austin by the University of Texas Press,
Date of publication, distribution, etc. 1988.
300 ## - PHYSICAL DESCRIPTION
Extent 212 p. :
Other physical details ill. (some col.) ;
Dimensions 32 cm.
500 ## - GENERAL NOTE
General note Includes index.
504 ## - BIBLIOGRAPHY, ETC. NOTE
Bibliography, etc. note Bibliography: p. 201-206.
600 10 - SUBJECT ADDED ENTRY--PERSONAL NAME
Personal name Smith, C. R.
Fuller form of name (Cyrus Rowlett),
Dates associated with a name 1899-
General subdivision Catalogs.
-- Catalogs.
610 20 - SUBJECT ADDED ENTRY--CORPORATE NAME
Corporate name or jurisdiction name as entry element Archer M. Huntington Art Gallery
General subdivision Catalogs.
650 #0 - SUBJECT ADDED ENTRY--TOPICAL TERM
Topical term or geographic name entry element West (U.S.) in art
General subdivision Catalogs.
650 #0 - SUBJECT ADDED ENTRY--TOPICAL TERM
Topical term or geographic name entry element Art, American
General subdivision Catalogs.
650 #0 - SUBJECT ADDED ENTRY--TOPICAL TERM
Topical term or geographic name entry element Art, Modern
Chronological subdivision 19th century
General subdivision Catalogs.
650 #0 - SUBJECT ADDED ENTRY--TOPICAL TERM
Topical term or geographic name entry element Art, Modern
Chronological subdivision 20th century
General subdivision Catalogs.
650 #0 - SUBJECT ADDED ENTRY--TOPICAL TERM
Topical term or geographic name entry element Art
General subdivision Catalogs.
Geographic subdivision Austin
-- Austin
General subdivision Catalogs.
650 #0 - SUBJECT ADDED ENTRY--TOPICAL TERM
Topical term or geographic name entry element Art
Geographic subdivision Austin
-- Austin
General subdivision Catalogs.
710 2# - ADDED ENTRY--CORPORATE NAME
Corporate name or jurisdiction name as entry element Archer M. Huntington Art Gallery.
740 0# - ADDED ENTRY--UNCONTROLLED RELATED/ANALYTICAL TITLE
Uncontrolled related/analytical title C.R. Smith Collection of western American art.
856 42 - ELECTRONIC LOCATION AND ACCESS
Materials specified Publisher description
Uniform Resource Identifier <a href="http://www.loc.gov/catdir/description/texas041/87025526.html">http://www.loc.gov/catdir/description/texas041/87025526.html</a>
Holdings
Withdrawn status Lost status Damaged status Not for loan Home library Current library Shelving location Date acquired Total checkouts Full call number Barcode Date last seen Price effective from Koha item type
        Pleasant Valley Pleasant Valley General stacks 22/03/2026   758/.9978 19 BC0010367 22/03/2026 22/03/2026 Books